Optimalizácia prevádzky OST s využívaním geotermálnej energie

Guardado en:
Detalles Bibliográficos
Autor principal: Szabó, Zoltán (Autor)
Otros Autores: Takács, Ján (Orientador)
Formato: Manuscrito Libro
Lenguaje:eslovaco
Publicado: 2020
Materias:
Acceso en línea:http://is.stuba.sk/zp/portal_zp.pl?podrobnosti=152133
https://opac.crzp.sk/?fn=detailBiblioForm&sid=EAE7EF6B68A1C52649C11446D593
Etiquetas: Agregar Etiqueta
Sin Etiquetas, Sea el primero en etiquetar este registro!

MARC

LEADER 00000ntm a22000003a 4500
001 stuzp78525
003 SK-STU
005 20230523094835.3
007 ta
008 150427s2015----xo-----f-mn---000-0-slo-d
040 |a STU  |b slo 
041 0 |a slo 
100 1 |a Szabó, Zoltán  |u 010290  |4 aut  |U SvF Stavebná fakulta  |T SvF Katedra technických zariadení budov  |X 62950  |U V290  |Y 31  |7 62950 
242 0 1 |a Optimization of OST operation using geothermal energy  |y eng 
245 1 0 |a Optimalizácia prevádzky OST s využívaním geotermálnej energie 
260 |c 2020 
650 4 |a obnoviteľné zdroje energie  |2 slo 
650 4 |a geotermálna energia  |2 slo 
650 4 |a CZT  |2 slo 
650 4 |a OST  |2 slo 
650 4 |a tepelné čerpadlo  |2 slo 
650 4 |a trojcestný rozdeľovací ventil  |2 slo 
650 4 |a geothermal energy  |2 eng 
650 4 |a OST  |2 eng 
650 4 |a DH  |2 eng 
650 4 |a three-way distribution valve  |2 eng 
650 4 |a heat pump  |2 eng 
650 4 |a renewable energy sources  |2 eng 
700 1 |a Takács, Ján  |u 010290  |k Z1  |4 ths  |U SvF Stavebná fakulta  |T SvF Katedra technických zariadení budov  |X 663  |U V290  |Y 31  |7 A000000663 
856 4 |u http://is.stuba.sk/zp/portal_zp.pl?podrobnosti=152133 
856 4 |u https://opac.crzp.sk/?fn=detailBiblioForm&sid=EAE7EF6B68A1C52649C11446D593